<?xml version="1.0" encoding="UTF-8"?>
<marc:record xmlns:marc="http://www.loc.gov/MARC21/slim">
   <marc:leader>00000nam a2200000 a 4500</marc:leader>
   <marc:datafield ind1="1" ind2=" " tag="100">
      <marc:subfield code="a">Saeed, Lana</marc:subfield>
      <marc:subfield code="4">aut</marc:subfield>
      <marc:subfield code="e">Verfasser/-in</marc:subfield>
   </marc:datafield>
   <marc:datafield ind1=" " ind2=" " tag="653">
      <marc:subfield code="a">Anfänger zeichnen</marc:subfield>
   </marc:datafield>
   <marc:datafield ind1=" " ind2=" " tag="653">
      <marc:subfield code="a">zeichnen lernen</marc:subfield>
   </marc:datafield>
   <marc:datafield ind1=" " ind2=" " tag="653">
      <marc:subfield code="a">Bleistift</marc:subfield>
   </marc:datafield>
   <marc:datafield ind1=" " ind2=" " tag="653">
      <marc:subfield code="a">perspektive</marc:subfield>
   </marc:datafield>
   <marc:datafield ind1=" " ind2=" " tag="653">
      <marc:subfield code="a">Porträtzeichnen</marc:subfield>
   </marc:datafield>
   <marc:datafield ind1=" " ind2=" " tag="653">
      <marc:subfield code="a">Tiere zeichnen</marc:subfield>
   </marc:datafield>
   <marc:datafield ind1=" " ind2=" " tag="653">
      <marc:subfield code="a">Trendmotive</marc:subfield>
   </marc:datafield>
   <marc:datafield ind1=" " ind2=" " tag="653">
      <marc:subfield code="a">Fineliner</marc:subfield>
   </marc:datafield>
   <marc:datafield ind1=" " ind2=" " tag="653">
      <marc:subfield code="a">Perspektive zeichnen</marc:subfield>
   </marc:datafield>
   <marc:datafield ind1=" " ind2=" " tag="653">
      <marc:subfield code="a">Schatten zeichnen</marc:subfield>
   </marc:datafield>
   <marc:datafield ind1=" " ind2=" " tag="653">
      <marc:subfield code="a">Monoline zeichnen</marc:subfield>
   </marc:datafield>
   <marc:datafield ind1=" " ind2=" " tag="653">
      <marc:subfield code="a">Oneline zeichnen</marc:subfield>
   </marc:datafield>
   <marc:datafield ind1=" " ind2=" " tag="653">
      <marc:subfield code="a">Augen zeichnen</marc:subfield>
   </marc:datafield>
   <marc:datafield ind1=" " ind2=" " tag="653">
      <marc:subfield code="a">Lippen zeichnen</marc:subfield>
   </marc:datafield>
   <marc:datafield ind1=" " ind2=" " tag="653">
      <marc:subfield code="a">Blumen zeichnen</marc:subfield>
   </marc:datafield>
   <marc:datafield ind1=" " ind2=" " tag="653">
      <marc:subfield code="a">YouTube</marc:subfield>
   </marc:datafield>
   <marc:datafield ind1=" " ind2=" " tag="653">
      <marc:subfield code="a">Zeichnen lernen YouTube Star</marc:subfield>
   </marc:datafield>
   <marc:datafield ind1=" " ind2=" " tag="653">
      <marc:subfield code="a">Zeichnen lernen TikTok</marc:subfield>
   </marc:datafield>
   <marc:datafield ind1=" " ind2=" " tag="653">
      <marc:subfield code="a">Zeichenschule</marc:subfield>
   </marc:datafield>
   <marc:datafield ind1=" " ind2=" " tag="653">
      <marc:subfield code="a">Zeichnen lernen Buch</marc:subfield>
   </marc:datafield>
   <marc:datafield ind1=" " ind2=" " tag="653">
      <marc:subfield code="a">Step by Step zeichnen lernen</marc:subfield>
   </marc:datafield>
   <marc:datafield ind1=" " ind2=" " tag="653">
      <marc:subfield code="a">Step by Step zeichnen</marc:subfield>
   </marc:datafield>
   <marc:datafield ind1=" " ind2=" " tag="653">
      <marc:subfield code="a">Softcover / Ratgeber/Hobby</marc:subfield>
   </marc:datafield>
   <marc:datafield ind1=" " ind2=" " tag="653">
      <marc:subfield code="a">Haus/Malen</marc:subfield>
   </marc:datafield>
   <marc:datafield ind1=" " ind2=" " tag="653">
      <marc:subfield code="a">Zeichnen</marc:subfield>
   </marc:datafield>
   <marc:datafield ind1=" " ind2=" " tag="653">
      <marc:subfield code="a">Farbe</marc:subfield>
   </marc:datafield>
   <marc:datafield ind1="0" ind2="0" tag="245">
      <marc:subfield code="a">Kunst mit Lana – Zeichnen mit dem TikTok-Star Lanaarts23</marc:subfield>
   </marc:datafield>
   <marc:datafield ind1="0" ind2="0" tag="245">
      <marc:subfield code="b">20 Motive Step by Step – Tutorials, Tipps und mehr</marc:subfield>
   </marc:datafield>
   <marc:datafield ind1="0" ind2="0" tag="245">
      <marc:subfield code="c">Lanaarts23</marc:subfield>
   </marc:datafield>
   <marc:datafield ind1=" " ind2="1" tag="264">
      <marc:subfield code="a">München</marc:subfield>
      <marc:subfield code="b">Edition Michael Fischer / EMF Verlag</marc:subfield>
      <marc:subfield code="c">2021</marc:subfield>
   </marc:datafield>
   <marc:datafield ind1=" " ind2=" " tag="250">
      <marc:subfield code="a">1. Auflage</marc:subfield>
   </marc:datafield>
   <marc:datafield ind1="1" ind2=" " tag="520">
      <marc:subfield code="a">Angaben aus der Verlagsmeldung

Kunst mit Lana – Zeichnen mit dem TikTok-Star Lanaarts23 : 20 Motive Step by Step – Tutorials, Tipps und mehr / von Lana Saeed

Kunst mit Lana - eine einzigartige Einführung in die Kunst des Zeichnens durch den Social Media-Star
Zeichnen lernen mit dem TikTok-Star Lanaarts23! Vom ersten Strich über die wichtigsten Zeichengrundlagen bis zum fertigen Motiv zeigt die Künstlerin wie man mit jeder Menge Spaß richtig gut zeichnen kann.

Ideal auch für Anfänger: Ein ausführlicher Grundlagenteil hilft bei der Auswahl des richtigen Materials und führt in die Grundlagen des Zeichnens ein
Alle Motive Step by Step erklärt: von einfachen Motiven wie Seifenblasen und Federn bis hin zu Tieren und Porträts
Mit zahlreichen Tipps und Tricks vom Kunst-Profi

Ihre zahlreichen Follower können sich nicht irren: „Lanaarts23“ ist zweifellos einer der größten Zeichen-Stars in den sozialen Medien. Die Künstlerin begeistert ihre große Fan-Community mit einer enormen Bandbreite an Motiven, die sie im realistischem Stil zeichnet. Ob Porträts von Menschen oder Blumen, Pflanzen und Tiere zeichnen - Lana zeigt in ihrem Buch, dass jedermann zeichnen lernen kann. Vom ersten Strich bis zum fertigen Motiv führt sie die Leser in ihrem Zeichenbuch in die Geheimnisse ihrer Kunst ein.
Für Anfänger, die zeichnen lernen wollen, gibt es einen ausführlichen Grundlagenteil. Darin erläutert die Künstlerin, worauf es bei der Auswahl von Bleistiften, Finelinern und sonstigen Stiften ankommt. Die Star-Künstlerin arbeitet hauptsächlich mit Bunt- und Bleistiften sowie Finelinern, die ihren einzigartigen Stil ausmachen. Um ihre Trendmotive selbst für Anfänger nachzeichenbar zu machen, werden alle Motive Schritt für Schritt erklärt. Zudem liefert das Zeichenbuch auch für fortgeschrittene Zeichner wertvolle Übungen zur Technik, von der richtigen Perspektive über die Verwendung von Schatten bis hin zur Darstellung von Augen und Lippen.
Anfänger, die schon immer die Zeichenkunst erlernen wollten und Fortgeschrittene, die ihre Zeichenkunst perfektionieren möchten, werden viele schöne Stunden mit diesem Buch verbringen. Wer die grandiosen Tutorials der Star-Künstlerin Lanaarts23 nicht nur online verfolgen will, darf sich dieses einzigartige Zeichenbuch nicht entgehen lassen!
</marc:subfield>
   </marc:datafield>
   <marc:datafield ind1=" " ind2=" " tag="020">
      <marc:subfield code="a">9783745906738</marc:subfield>
      <marc:subfield code="9">9783745906738</marc:subfield>
   </marc:datafield>
   <marc:datafield ind1=" " ind2=" " tag="020">
      <marc:subfield code="a">374590673X</marc:subfield>
      <marc:subfield code="9">374590673X</marc:subfield>
   </marc:datafield>
   <marc:datafield ind1=" " ind2=" " tag="041">
      <marc:subfield code="a">ger</marc:subfield>
   </marc:datafield>
   <marc:datafield ind1=" " ind2=" " tag="300">
      <marc:subfield code="a">128 Seiten</marc:subfield>
   </marc:datafield>
</marc:record>
